| 000 | 00697nas a2200241 4500 | ||
|---|---|---|---|
| 001 | BR2013001026 | ||
| 003 | BR-BrBNA | ||
| 005 | 20231205121900.0 | ||
| 007 | ta | ||
| 008 | 230509b bl.|||p| |||| 00| 00por d | ||
| 040 |
_aBR-BrBNA _bpor _cBiblioteca Nacional de Agricultura |
||
| 041 | _a(Pt) | ||
| 072 | _aE10; E71; E70 | ||
| 245 | 1 | _aCrise: toda cautela é necessária | |
| 650 | _aECONOMIA AGRÍCOLA | ||
| 650 | _aMERCADO MUNDIAL | ||
| 650 | _aIMPACTO ECONÔMICO | ||
| 650 | _aPRODUTOR RURAL | ||
| 650 | _aPREÇO | ||
| 773 | 0 |
_tAgroanalysis (Brazil) _xISSN 0100-4298 _g(Oct 2008), v. 28(10) p. 12-14 _wBR2013001026 |
|
| 909 |
_a202311 _bLúcia _c55 _dLúcia Elande |
||
| 942 |
_2AGRIS _n0 _cANA |
||
| 999 |
_c225734 _d225734 |
||